Statistiques concernant Evolutions de Pokémon - 4ème Génération

Cliquez ici pour prendre le quiz!

Statistiques générales

  • Ce quiz a été pris 70 fois
  • Le résultat moyen est 19 sur 24

Statistiques - réponses

PokémonEvolution% Correct
Tortipouss (2)Torterra
95%
ÉtourmiÉtourvol
93%
LixyLuxio
93%
Lixy (2)Luxray
93%
Ouisticram (2)Simiabraz
93%
Tiplouf (2)Pingoléon
92%
Étourmi (2)Étouraptor
90%
RioluLucario
88%
MustébouéeMustéflott
88%
Griknot (2)Carchacrok
85%
ApitriniApireine
83%
ArchéomireArchéodong
80%
BlizziBlizzaroi
80%
OuisticramChimpenfeu
80%
TiploufPrinplouf
80%
GriknotCarmache
78%
BaudriveGrodrive
78%
TortipoussBoskara
69%
CeribouCeriflor
68%
LaporeilleLockpin
68%
CrikzikMélokrik
66%
RapionDrascore
61%
KranidosCharkos
51%
HippopotasHippodocus
49%

Distribution des résultats

Percentile par nombre de réponses

% des personnes avec chaque résultat

Votre développement - résultats

Vous n’avez pas pris ce quiz